000 00602nam a2200217Ia 4500
005 20250923150018.0
008 008 250917s9999 xx 000 0 eng d
037 _aTextual
040 _aDSWL
_beng
_cDSWL
041 _aeng
_2eng
084 _qDSWL
100 _aChatterjee, B.
_9841273
245 2 _aA Guide to voluntary Action in Family Planning
_c by B. Chatterjee
260 _aNew Delhi
_bPopulation Council of India
_c1972
300 _aviii,193 p.
365 _aINR
_b10.00
700 _a Navrekha Singh
_9841274
925 _g10.00
942 _cTEXL
999 _c1458477
_d1458477